<?xml version="1.0" encoding="UTF-8"?><?xml-stylesheet type="text/xsl" href="static/style.xsl"?><OAI-PMH xmlns="http://www.openarchives.org/OAI/2.0/" xmlns:xsi="http://www.w3.org/2001/XMLSchema-instance" xsi:schemaLocation="http://www.openarchives.org/OAI/2.0/ http://www.openarchives.org/OAI/2.0/OAI-PMH.xsd"><responseDate>2026-06-07T16:09:24Z</responseDate><request verb="GetRecord" identifier="oai:docta.ucm.es:20.500.14352/106811" metadataPrefix="marc">https://docta.ucm.es/rest/oai/request</request><GetRecord><record><header><identifier>oai:docta.ucm.es:20.500.14352/106811</identifier><datestamp>2025-03-18T13:58:45Z</datestamp><setSpec>com_20.500.14352_1</setSpec><setSpec>col_20.500.14352_5</setSpec></header><metadata><record xmlns="http://www.loc.gov/MARC21/slim" xmlns:dcterms="http://purl.org/dc/terms/" xmlns:xsi="http://www.w3.org/2001/XMLSchema-instance" xmlns:doc="http://www.lyncode.com/xoai" xsi:schemaLocation="http://www.loc.gov/MARC21/slim http://www.loc.gov/standards/marcxml/schema/MARC21slim.xsd">
   <leader>00925njm 22002777a 4500</leader>
   <datafield ind2=" " ind1=" " tag="042">
      <subfield code="a">dc</subfield>
   </datafield>
   <datafield ind2=" " ind1=" " tag="720">
      <subfield code="a">Delgado Losada, María Luisa</subfield>
      <subfield code="e">author</subfield>
   </datafield>
   <datafield ind2=" " ind1=" " tag="720">
      <subfield code="a">Rodríguez Rodríguez, María Cruz</subfield>
      <subfield code="e">author</subfield>
   </datafield>
   <datafield ind2=" " ind1=" " tag="720">
      <subfield code="a">Pulido Manzanero, José</subfield>
      <subfield code="e">author</subfield>
   </datafield>
   <datafield ind2=" " ind1=" " tag="720">
      <subfield code="a">Cea Soriano, Trinidad Lucía</subfield>
      <subfield code="e">author</subfield>
   </datafield>
   <datafield ind2=" " ind1=" " tag="720">
      <subfield code="a">Merino Martín, Gregorio</subfield>
      <subfield code="e">author</subfield>
   </datafield>
   <datafield ind2=" " ind1=" " tag="720">
      <subfield code="a">Silva Gómez, Valeria</subfield>
      <subfield code="e">author</subfield>
   </datafield>
   <datafield ind2=" " ind1=" " tag="720">
      <subfield code="a">Alcaide Delgado, Sara</subfield>
      <subfield code="e">author</subfield>
   </datafield>
   <datafield ind2=" " ind1=" " tag="720">
      <subfield code="a">Sequeira Villatoro, Beatriz</subfield>
      <subfield code="e">author</subfield>
   </datafield>
   <datafield ind2=" " ind1=" " tag="720">
      <subfield code="a">Marín Garaboa, Esther María</subfield>
      <subfield code="e">author</subfield>
   </datafield>
   <datafield ind2=" " ind1=" " tag="720">
      <subfield code="a">Delgado Ramos, Alice Helena</subfield>
      <subfield code="e">author</subfield>
   </datafield>
   <datafield ind2=" " ind1=" " tag="720">
      <subfield code="a">Bouhaben Olmedo, Jaime</subfield>
      <subfield code="e">author</subfield>
   </datafield>
   <datafield ind2=" " ind1=" " tag="260">
      <subfield code="c">2024-06-29</subfield>
   </datafield>
   <datafield ind2=" " ind1=" " tag="520">
      <subfield code="a">El entrenamiento en empatía es una técnica establecida que permite al estudiante entender la vida desde la perspectiva de otra persona y experimentar retos. El objetivo del proyecto es mejorar la empatía de los/as estudiantes, aumentar la comprensión de las limitaciones de las personas mayores y las personas con discapacidad desde una experiencia vivencial con el uso de un traje simulador de edad y limitaciones funcionales y sensoriales. 
El grupo de participantes está formado por 62 estudiantes de cuarto curso del Grado de Terapia Ocupacional y del Máster en Salud, Integración y Discapacidad de la Universidad Complutense de Madrid. Cada participante cumplimentó tres cuestionarios antes y después de la experiencia vivencial, cuestionario de evaluación de estereotipos negativos hacia la vejez (CENVE), listado de adjetivos, índice de reactividad interpersonal (IRI), y un cuestionario sobre la experiencia vivencial tras el uso del traje simulador.
Los resultados indican que las puntuaciones medias antes y después del uso del traje fueron similares en la escala CENVE y en el listado de adjetivos. En las puntuaciones de IRI se observaron diferencias significativas antes y después del traje en Toma de perspectiva, Fantasía y Preocupación empática entre los participantes que habían tenido experiencia previa con mayores. La gran mayoría de los participantes sintieron una reducción de la movilidad, amplitud de movimientos, longitud de los pasos y flexibilidad y dolor.</subfield>
   </datafield>
   <datafield ind1="8" ind2=" " tag="024">
      <subfield code="a">https://hdl.handle.net/20.500.14352/106811</subfield>
   </datafield>
   <datafield ind1="8" ind2=" " tag="024">
      <subfield code="a">https://tribuna.ucm.es/news/proyecto-innovacion-educativa-traje-simulador-edad</subfield>
   </datafield>
   <datafield ind1="8" ind2=" " tag="024">
      <subfield code="a">443</subfield>
   </datafield>
   <datafield ind2="0" ind1="0" tag="245">
      <subfield code="a">Entrenamiento en empatía: Aplicación de un traje simulador de edad como metodología docente en estudiantes de ciencias de la salud</subfield>
   </datafield>
</record></metadata></record></GetRecord></OAI-PMH>